Les musiques de Lomepal les plus écoutées sur Spotify - Statistiques

Statistiques générales
  • Ce quiz a été pris 1 811 fois
    580 depuis la dernière actualisation
  • Le résultat moyen est 7 sur 20
Statistiques - réponses
Nombre de streams Année de sortie Titre % Correct
179 660 276 2018 Trop beau
85%
111 816 651 2018 1000°C (avec Roméo Elvis)
69%
100 765 269 2017 Yeux disent
66%
69 028 614 2022 Decrescendo
54%
77 807 629 2018 Evidemment
48%
47 649 265 2018 Beau la folie
46%
43 410 583 2022 Tee
42%
55 564 148 2019 Flash
40%
55 367 920 2022 A peu près
37%
31 388 518 2022 Mauvais ordre
32%
53 884 459 2018 Mômes
31%
44 189 201 2018 La vérité (avec Orelsan)
30%
54 455 535 2018 Ne me ramène pas
29%
30 592 642 2017 Bécane (avec Superpoze)
28%
39 860 786 2018 X-men (avec JeanJass)
28%
32 948 991 2018 Plus de larmes
26%
31 784 198 2019 Regarde-moi
17%
30 535 333 2017 Club
16%
71 701 781 2018 Paradise (avec Lefa)
13%
33 578 126 2020 Burning Man (avec Laylow)
5%
Aucun quiz correspondant
Distribution des résultats
% des personnes avec chaque résultat
Percentile par nombre de réponses
Votre historique - résultats
Vous n’avez pas pris ce quiz depuis la dernière actualisation